000
00315nam a22001337a 4500
003
SGT
082
_a
617.643
_b
M18K
100
_a
KUMARI, PREETI
245
_a
MAXILLARY SINUS LIFT TECHNIQUES
260
_a
DELHI NCR
_b
SGT UNIVERSITY GURUGRAM
_c
2018
300
_a
1-69
650
_a
ORAL SURGERY
942
_2
ddc
_c
TH
999
_c
19036
_d
19036